[Event "13e tournoi d'automne - tournoi C"]
[Site "Montigny le Bretonneux"]
[Date "2014.10.23"]
[Round "6.4"]
[White "Saarlainen, Lei"]
[Black "Denechaud, Bernard"]
[Result "0-1"]
[WhiteElo "1545"]
[BlackElo "1588"]
[Annotator "Rivier,Sylvain"]
[PlyCount "51"]
[EventDate "2014.??.??"]

{Défense sicilienne, gambit Morra} 1. e4 c5 2. d4 cxd4 3. c3 dxc3 4. Nxc3 e6 5.
Nf3 a6 6. Bc4 Nc6 7. O-O b5 8. Bb3 Bb7 9. Qe2 h6 10. e5 Nge7 11. Rd1 Qc7 12.
Ne4 Nc8 13. Bf4 Na5 14. Rac1 Qb6 15. Be3 Qd8 16. Nd6+ Nxd6 17. exd6 Nxb3 18.
axb3 Qf6 19. Rc7 Bd5 20. Rxd5 exd5 21. Bg5+ Qe6 22. Qc2 f6 23. Qg6+ Qf7 24. Qc2
Bxd6 25. Rc8+ Ke7 26. Rc3 0-1

[Event "13e tournoi d'automne - tournoi C"]
[Site "Montigny le Bretonneux"]
[Date "2014.10.23"]
[Round "6.5"]
[White "Fruchard, Alois"]
[Black "Verat-Fayolle, Celian"]
[Result "0-1"]
[WhiteElo "1120"]
[BlackElo "1302"]
[Annotator "Rivier,Sylvain"]
[PlyCount "66"]
[EventDate "2014.??.??"]

{Gambit dame, défense semi-Tarrasch} 1. d4 d5 2. c4 e6 3. Nc3 c5 4. e3 Nf6 5.
Bd3 Nc6 6. Nf3 Bd6 7. O-O O-O 8. Re1 cxd4 9. exd4 b6 10. Bg5 dxc4 11. Bxc4 h6
12. Bh4 Bb4 13. Qd2 Bb7 14. a3 Bxc3 15. Qxc3 Rc8 16. Qd3 Na5 17. Ne5 Nxc4 18.
Nxc4 Ba6 19. b3 g5 20. Bg3 Qd5 21. Rac1 Rc6 22. Re5 Qd7 23. Rd1 Rfc8 24. Rc1 b5
25. Qf3 Kg7 26. Re3 bxc4 27. Be5 Qe7 28. d5 exd5 29. Qxd5 Kg6 30. Qd4 cxb3 31.
Rce1 Rc1 32. Bxf6 Rxe1+ 33. Rxe1 Qxe1# 0-1

[Event "13e tournoi d'automne - tournoi C"]
[Site "Montigny le Bretonneux"]
[Date "2014.10.24"]
[Round "7.1"]
[White "Chahmirian, Armen"]
[Black "Mongey, Alain"]
[Result "1-0"]
[WhiteElo "1530"]
[BlackElo "1670"]
[Annotator "Rivier,Sylvain"]
[PlyCount "65"]
[EventDate "2014.??.??"]

{Défense sicilienne, fianchetto accéléré} 1. e4 c5 2. Nf3 Nc6 3. Nc3 g6 4. d4
cxd4 5. Nxd4 Bg7 6. Be3 d6 7. f4 Nf6 8. h3 a6 9. Nxc6 bxc6 10. e5 Nh5 11. Bc4
Ng3 12. Rg1 d5 13. Bb3 f5 14. Na4 Rb8 15. Qd3 Ne4 16. O-O-O O-O 17. Ba7 Ra8 18.
Bb6 Qd7 19. Nc5 Qe8 20. Bxd5+ Kh8 21. Bxe4 fxe4 22. Qxe4 Bh6 23. Rgf1 Rb8 24.
Ba5 Rb5 25. b4 Qf7 26. e6 Qf6 27. Qd4 Kg8 28. Qxf6 Rxf6 29. Rd8+ Rf8 30. Rxf8+
Kxf8 31. g3 Rb8 32. Rd1 Bb7 33. Nd7+ 1-0

[Event "13e tournoi d'automne - tournoi C"]
[Site "Montigny le Bretonneux"]
[Date "2014.10.24"]
[Round "7.2"]
[White "Mousset-Evtouchenko, Nina"]
[Black "Saarlainen, Lei"]
[Result "0-1"]
[WhiteElo "1666"]
[BlackElo "1545"]
[Annotator "Rivier,Sylvain"]
[PlyCount "70"]
[EventDate "2014.??.??"]

{Défense française} 1. e4 e6 2. Qe2 c5 3. Nf3 Nc6 4. g3 Nge7 5. Nc3 Nb4 6. Qd1
d5 7. exd5 exd5 8. d4 Bf5 9. Bb5+ Nec6 10. Bd3 Bxd3 11. cxd3 Nxd4 12. Nxd4 cxd4
13. Ne2 Bc5 14. O-O O-O 15. a3 Nc6 16. b4 Bb6 17. Bb2 Qf6 18. Nf4 Rad8 19. Qb3
Qf5 20. Ng2 Ne5 21. Nh4 Qxd3 22. Qa2 g5 23. Rad1 Qc4 24. Qxc4 dxc4 25. Nf5 c3
26. Bc1 c2 27. Rd2 Nf3+ 28. Kg2 Nxd2 29. Bxd2 f6 30. Re1 Rde8 31. Rc1 d3 32.
Ne3 a5 33. bxa5 Bc5 34. Bb4 Bxe3 35. fxe3 d2 0-1

[Event "13e tournoi d'automne - tournoi C"]
[Site "Montigny le Bretonneux"]
[Date "2014.10.24"]
[Round "7.3"]
[White "Verat-Fayolle, Celian"]
[Black "Rousseau, Matthieu"]
[Result "0-1"]
[WhiteElo "1302"]
[BlackElo "1664"]
[Annotator "Rivier,Sylvain"]
[PlyCount "52"]
[EventDate "2014.??.??"]

{Défense française, variante d'échange} 1. e4 e6 2. d4 d5 3. exd5 exd5 4. Bf4
Nf6 5. Bd3 Bd6 6. Ne2 O-O 7. O-O Bg4 8. f3 Be6 9. Nbc3 c6 10. Qd2 Re8 11. Bxd6
Qxd6 12. Nf4 Qb4 13. a3 Qxd4+ 14. Kh1 Qc5 15. Nfe2 Nbd7 16. Nd4 g6 17. Nxe6
Rxe6 18. Rfe1 Rae8 19. Ne2 Ne5 20. f4 Nxd3 21. cxd3 Qf2 22. Qc3 Rxe2 23. Rxe2
Rxe2 24. Rg1 Qxf4 25. Qc5 Ng4 26. g3 Qf3+ 0-1

[Event "13e tournoi d'automne - tournoi C"]
[Site "Montigny le Bretonneux"]
[Date "2014.10.24"]
[Round "7.4"]
[White "Denechaud, Bernard"]
[Black "Fruchard, Alois"]
[Result "1-0"]
[WhiteElo "1588"]
[BlackElo "1120"]
[Annotator "Rivier,Sylvain"]
[PlyCount "75"]
[EventDate "2014.??.??"]

{Gambit dame} 1. d4 d5 2. c4 e6 3. Nc3 Nf6 4. cxd5 exd5 5. Bg5 Be7 6. e3 O-O 7.
Bd3 Nc6 8. a3 Bg4 9. f3 Be6 10. Nge2 h6 11. Bh4 a6 12. O-O Bd6 13. e4 Be7 14.
e5 Nd7 15. Bf2 f6 16. Nf4 Bf7 17. e6 Bd6 18. exf7+ Rxf7 19. Ncxd5 Rf8 20. Qc2
Ne7 21. Nxe7+ Qxe7 22. Ng6 Qf7 23. Bc4 Nb6 24. Bxf7+ Rxf7 25. Bg3 Rd8 26. Bxd6
Rxd6 27. Rfe1 Rd8 28. Qb3 Rdd7 29. Re8+ Kh7 30. Qd3 f5 31. Nf8+ Kg8 32. Nxd7+
Kh7 33. Rae1 Nxd7 34. R1e7 Rxe7 35. Qxf5+ g6 36. Rxe7+ Kh8 37. Qxd7 c6 38. Qd8#
1-0

[Event "13e tournoi d'automne - tournoi C"]
[Site "Montigny le Bretonneux"]
[Date "2014.10.24"]
[Round "7.5"]
[White "Krestinine, Michka"]
[Black "Romas, Lionia"]
[Result "1-0"]
[WhiteElo "1527"]
[BlackElo "1583"]
[Annotator "Rivier,Sylvain"]
[PlyCount "93"]
[EventDate "2014.??.??"]

{Défense française, variante Winaver} 1. e4 e6 2. d4 d5 3. Nc3 Bb4 4. e5 c5 5.
a3 Bxc3+ 6. bxc3 Qc7 7. Bd2 Nc6 8. Qg4 f5 9. Qh4 Nge7 10. Nf3 Ng6 11. Qg3 Qb6
12. dxc5 Qxc5 13. Bd3 Bd7 14. h4 O-O-O 15. h5 Nge7 16. Qf4 g6 17. Qe3 Qxe3+ 18.
Bxe3 b6 19. Bg5 Kb7 20. Bf6 Rhg8 21. hxg6 Rxg6 22. Rxh7 Re8 23. g3 Kc7 24. Nd4
Nxd4 25. cxd4 Ng8 26. Rxd7+ Kxd7 27. Bb5+ Kc7 28. Bxe8 Rh6 29. Bh4 Ne7 30. Ke2
Nc6 31. Bxc6 Kxc6 32. Kd3 Kb5 33. Rb1+ Ka4 34. Be7 Rh2 35. Ke3 Rh7 36. Bd6 Rh8
37. Rb4+ Ka5 38. c4 dxc4 39. Rxc4 Kb5 40. Rb4+ Kc6 41. Kf4 a5 42. Rb2 Rg8 43.
f3 Rg7 44. g4 fxg4 45. fxg4 Kd5 46. Rxb6 Kxd4 47. Ra6 1-0

[Event "13e tournoi d'automne - tournoi C"]
[Site "Montigny le Bretonneux"]
[Date "2014.10.25"]
[Round "8.1"]
[White "Rousseau, Matthieu"]
[Black "Mongey, Alain"]
[Result "0-1"]
[WhiteElo "1664"]
[BlackElo "1670"]
[Annotator "Rivier,Sylvain"]
[PlyCount "192"]
[EventDate "2014.??.??"]

{Gambit dame} 1. d4 d5 2. c4 e6 3. Nc3 Nf6 4. Nf3 Be7 5. Bf4 c6 6. e3 Nbd7 7.
Qc2 h6 8. cxd5 exd5 9. Bd3 Nb6 10. Ne5 Be6 11. Rc1 Nbd7 12. Bf5 Bxf5 13. Qxf5
Nxe5 14. Bxe5 O-O 15. g4 Nh7 16. g5 Bxg5 17. h4 Bf6 18. Ke2 Bxe5 19. Qxe5 Re8
20. Qg3 Qf6 21. Rhg1 Re6 22. Rg2 Rae8 23. Rcg1 g6 24. Kd2 Qf5 25. a3 Nf6 26.
Qc7 R6e7 27. Qd6 Kh7 28. Qg3 Ne4+ 29. Nxe4 Qxe4 30. h5 g5 31. Rb1 Qe6 32. Re1
f5 33. f4 g4 34. Ree2 Qf6 35. Kd3 Qd6 36. Qe1 Qc7 37. Qc3 Re6 38. Kd2 Qf7 39.
Rh2 Rg8 40. Reg2 Re7 41. Rg3 Qe8 42. Qd3 Re4 43. Qb3 Rg7 44. Qd3 Qd8 45. Qc3
Qb6 46. b4 Qb5 47. Rf2 Rg8 48. Kc2 Rd8 49. Qc5 Qxc5+ 50. bxc5 b6 51. cxb6 axb6
52. Kb3 Re7 53. Rc2 Rc7 54. Kb4 Kg7 55. a4 Kf6 56. Rg1 Ke6 57. Rc3 Kd6 58. Rgc1
Rg8 59. Rg1 c5+ 60. Kb5 Rb8 61. Rgc1 c4 62. Kb4 Ra7 63. Rg1 Re7 64. Rg2 Kc6 65.
Rg1 Rg8 66. Rg3 Ra7 67. Ra3 Ra5 68. Rc3 Rga8 69. Ra3 Kd6 70. Rg2 b5 71. Raa2
Rxa4+ 72. Rxa4 Rxa4+ 73. Kxb5 Ra3 74. Re2 Rb3+ 75. Ka5 Kc6 76. Ka4 g3 77. Ka5
Rd3 78. Kb4 Kb6 79. Ka4 c3 80. Kb3 Rd2 81. Re1 c2 82. Rg1 g2 83. e4 dxe4 84. d5
Kc5 85. d6 Kxd6 86. Ra1 Ke7 87. Kc3 Rd1 88. Ra7+ Ke6 89. Ra6+ Rd6 90. Ra1 Rc6+
91. Kd4 c1=Q 92. Ra6 Qc4+ 93. Ke3 Qd3+ 94. Kf2 Rxa6 95. Kg1 Ra1+ 96. Kf2 Qf3#
0-1

[Event "13e tournoi d'automne - tournoi C"]
[Site "Montigny le Bretonneux"]
[Date "2014.10.25"]
[Round "8.2"]
[White "Fruchard, Alois"]
[Black "Mousset-Evtouchenko, Nina"]
[Result "0-1"]
[WhiteElo "1120"]
[BlackElo "1666"]
[Annotator "Rivier,Sylvain"]
[PlyCount "78"]
[EventDate "2014.??.??"]

{Défense Caro-Kann, attaque Panov} 1. d4 Nf6 2. c4 c5 3. e3 e6 4. Nc3 d5 5. Nf3
cxd4 6. exd4 Be7 7. Bd3 O-O 8. O-O Nc6 9. Bg5 h6 10. Bxf6 Bxf6 11. cxd5 exd5
12. Bc2 Nb4 13. a3 Nxc2 14. Qxc2 Be6 15. Qb3 b6 16. Rfe1 Rc8 17. Nb5 a6 18. Na7
Rc4 19. Rac1 Qc7 20. Ne5 Rxc1 21. Qb4 Rxe1+ 22. Qxe1 Qxa7 23. Nf3 Qc7 24. h3
Rc8 25. Qe2 b5 26. b3 Qc3 27. a4 b4 28. Qxa6 Qc1+ 29. Kh2 Qf4+ 30. Kg1 Rc1+ 31.
Qf1 Rxf1+ 32. Kxf1 Qc1+ 33. Ne1 Bxd4 34. a5 Bc3 35. Kg1 Qxe1+ 36. Kh2 Qxf2 37.
Kh1 Be5 38. g3 Bxh3 39. a6 Qg2# 0-1

[Event "13e tournoi d'automne - tournoi C"]
[Site "Montigny le Bretonneux"]
[Date "2014.10.25"]
[Round "8.3"]
[White "Verat-Fayolle, Celian"]
[Black "Denechaud, Bernard"]
[Result "0-1"]
[WhiteElo "1302"]
[BlackElo "1588"]
[Annotator "Rivier,Sylvain"]
[PlyCount "46"]
[EventDate "2014.??.??"]

{Défense française, variante d'échange} 1. e4 e6 2. d4 d5 3. exd5 exd5 4. c4
Bb4+ 5. Nc3 Nc6 6. a3 Bxc3+ 7. bxc3 Nge7 8. Nf3 O-O 9. Be2 dxc4 10. Bxc4 Nd5
11. Qb3 Na5 12. Qb5 Nxc4 13. Qxc4 Re8+ 14. Kd2 Nb6 15. Qb3 Be6 16. Qc2 Qd5 17.
Bb2 Bf5 18. Qd1 Nc4+ 19. Kc1 Nxb2 20. Kxb2 Qb5+ 21. Kc1 Re2 22. Nd2 Qd3 23. Nb1
Rc2+ 0-1

[Event "13e tournoi d'automne - tournoi C"]
[Site "Montigny le Bretonneux"]
[Date "2014.10.25"]
[Round "8.4"]
[White "Romas, Lionia"]
[Black "Chahmirian, Armen"]
[Result "0-1"]
[WhiteElo "1583"]
[BlackElo "1530"]
[Annotator "Rivier,Sylvain"]
[PlyCount "62"]
[EventDate "2014.??.??"]

{Défense des deux cavaliers} 1. e4 e5 2. Nf3 Nc6 3. Bc4 Nf6 4. Ng5 d5 5. exd5
Na5 6. Bb5+ Bd7 7. Bxd7+ Qxd7 8. O-O Nxd5 9. Re1 O-O-O 10. d4 exd4 11. Qxd4 Nc6
12. Qc4 h6 13. Ne4 Nb6 14. Qb3 Qd5 15. Qh3+ Kb8 16. Nbc3 Qd7 17. Qg3 Nd4 18.
Bf4 f5 19. Be5 fxe4 20. Bxd4 Qxd4 21. Rad1 Qf6 22. Nxe4 Rxd1 23. Rxd1 Qe7 24.
Qf3 Qe8 25. h3 Be7 26. Re1 Rf8 27. Qc3 Qf7 28. f3 Nd5 29. Qa5 Bb4 30. Qb5 Bxe1
31. Nc5 c6 0-1

[Event "13e tournoi d'automne - tournoi C"]
[Site "Montigny le Bretonneux"]
[Date "2014.10.25"]
[Round "8.5"]
[White "Saarlainen, Lei"]
[Black "Krestinine, Michka"]
[Result "1-0"]
[WhiteElo "1545"]
[BlackElo "1527"]
[Annotator "Rivier,Sylvain"]
[PlyCount "77"]
[EventDate "2014.??.??"]

{Défense française, variante MacCutcheon} 1. e4 e6 2. d4 d5 3. Nc3 Nf6 4. Bg5
Bb4 5. e5 h6 6. Bd2 Nfd7 7. Qg4 Kf8 8. h4 c5 9. dxc5 Nxe5 10. Qxb4 Nbc6 11. Qf4
a6 12. Nf3 Ng6 13. Qg3 Nge7 14. Bd3 f6 15. h5 e5 16. Nh4 e4 17. Be2 Nd4 18. Qd6
Qe8 19. Ng6+ Kf7 20. Nxh8+ Kg8 21. O-O-O Kxh8 22. Bxh6 Ndf5 23. Bxg7+ Kxg7 24.
Qf4 Qf7 25. h6+ Kh7 26. Bh5 Qf8 27. Nxd5 Nxd5 28. Rxd5 Qxh6 29. Qxh6+ Nxh6 30.
Rd8 Kg7 31. g4 a5 32. Re1 b5 33. cxb6 Bb7 34. Rxa8 Bxa8 35. Rd1 Nf7 36. Bxf7
Kxf7 37. Rd7+ Ke6 38. Ra7 e3 39. fxe3 1-0

[Event "13e tournoi d'automne - tournoi C"]
[Site "Montigny le Bretonneux"]
[Date "2014.10.26"]
[Round "9.2"]
[White "Mousset-Evtouchenko, Nina"]
[Black "Verat-Fayolle, Celian"]
[Result "1-0"]
[WhiteElo "1666"]
[BlackElo "1302"]
[Annotator "Rivier,Sylvain"]
[PlyCount "57"]
[EventDate "2014.??.??"]

{Défense russe, variante moderne} 1. e4 e5 2. Nf3 Nf6 3. d4 exd4 4. e5 Ne4 5.
Qxd4 d5 6. exd6 Nxd6 7. Nc3 Nc6 8. Qd1 Bg4 9. Be2 Be7 10. O-O O-O 11. h3 Bh5
12. Nd5 Re8 13. b3 Bf6 14. Nxf6+ Qxf6 15. Bg5 Qc3 16. Bd2 Qf6 17. g4 Bg6 18.
Nh2 Qd4 19. c3 Qb6 20. Be3 Rxe3 21. fxe3 Qxe3+ 22. Kg2 Re8 23. Bf3 Qxc3 24. Rc1
Qf6 25. Bxc6 bxc6 26. Rxf6 gxf6 27. Nf1 Kg7 28. Ng3 Re3 29. Kf2 1-0

[Event "13e tournoi d'automne - tournoi C"]
[Site "Montigny le Bretonneux"]
[Date "2014.10.26"]
[Round "9.3"]
[White "Denechaud, Bernard"]
[Black "Rousseau, Matthieu"]
[Result "0-1"]
[WhiteElo "1588"]
[BlackElo "1664"]
[Annotator "Rivier,Sylvain"]
[PlyCount "46"]
[EventDate "2014.??.??"]

{Gambit dame, variante d'échange} 1. d4 e6 2. c4 d5 3. Nc3 Nf6 4. cxd5 exd5 5.
Bg5 c6 6. e3 Bd6 7. Qc2 h6 8. Bh4 Be6 9. Bd3 Nbd7 10. f3 Qc7 11. Nge2 Rc8 12.
Bg3 a6 13. Bxd6 Qxd6 14. Nf4 c5 15. Nxe6 Qxe6 16. Qe2 c4 17. Bc2 b5 18. b4 cxb3
19. Bxb3 Rxc3 20. O-O Rxe3 21. Qf2 O-O 22. Rfe1 Re8 23. Kf1 Nb6 0-1

[Event "13e tournoi d'automne - tournoi C"]
[Site "Montigny le Bretonneux"]
[Date "2014.10.26"]
[Round "9.4"]
[White "Chahmirian, Armen"]
[Black "Saarlainen, Lei"]
[Result "1-0"]
[WhiteElo "1530"]
[BlackElo "1545"]
[Annotator "Rivier,Sylvain"]
[PlyCount "91"]
[EventDate "2014.??.??"]

{Gambit du roi, gambit du cavalier} 1. e4 e5 2. f4 d6 3. Nf3 Bg4 4. Bc4 exf4 5.
Nc3 Nf6 6. d4 g5 7. h4 d5 8. exd5 Bd6 9. Qe2+ Kd7 10. O-O Re8 11. Qd3 Bxf3 12.
Qf5+ Ke7 13. hxg5 Ng4 14. Rxf3 Qd7 15. Qxd7+ Nxd7 16. Bxf4 f5 17. Bxd6+ cxd6
18. Re1+ Kf7 19. Re6 Nf8 20. Rxf5+ Kg7 21. Rxe8 Rxe8 22. Bd3 Re1+ 23. Rf1 Re7
24. Nb5 Ne3 25. Re1 Nxd5 26. Rxe7+ Nxe7 27. Nxd6 b6 28. c4 Ne6 29. d5 Nxg5 30.
Nf5+ Kf6 31. Nxe7 Kxe7 32. Kf2 h6 33. Kg3 Kf6 34. Kf4 Nf7 35. b4 Ne5 36. Be2
Nd7 37. a4 a5 38. bxa5 bxa5 39. Bd1 Nc5 40. Bc2 Nd7 41. Ke4 Kg5 42. Kd4 Kf4 43.
c5 Kg3 44. c6 Nb6 45. Kc5 Nc8 46. d6 1-0

[Event "13e tournoi d'automne - tournoi C"]
[Site "Montigny le Bretonneux"]
[Date "2014.10.26"]
[Round "9.5"]
[White "Krestinine, Michka"]
[Black "Fruchard, Alois"]
[Result "1-0"]
[WhiteElo "1527"]
[BlackElo "1120"]
[Annotator "Rivier,Sylvain"]
[PlyCount "49"]
[EventDate "2014.??.??"]

{Gambit du roi, gambit du cavalier} 1. e4 e5 2. f4 exf4 3. Nf3 Nf6 4. Nc3 d6 5.
d4 Bg4 6. Bxf4 Be7 7. Bc4 O-O 8. O-O c6 9. h3 Bh5 10. e5 dxe5 11. dxe5 Qb6+ 12.
Kh1 Rd8 13. Qe1 Bxf3 14. exf6 Bxf6 15. Rxf3 Qxb2 16. Rb1 Qa3 17. Nd5 Qc5 18.
Nc7 Nd7 19. Bxf7+ Kf8 20. Ne6+ Kxf7 21. Nxc5 Re8 22. Qb4 Be7 23. Qc4+ Kf8 24.
Bd6+ Nf6 25. Nd7# 1-0